[Event "Seefeld op 19th"]
[Site "Seefeld"]
[Date "2008.09.13"]
[Round "9"]
[White "Jaenig, Reinhard"]
[Black "Jolowicz, Matias"]
[Result "1-0"]
[WhiteElo "2136"]
[BlackElo "2252"]
[PlyCount "63"]
[EventDate "2008.09.05"]
[EventType "swiss"]
[EventRounds "9"]
[EventCountry "AUT"]
[SourceTitle "EXT 2019"]
[Source "ChessBase"]
[SourceDate "2018.10.10"]
[SourceVersion "1"]
[SourceVersionDate "2018.10.10"]
[SourceQuality "1"]

1. e4 Nf6 2. e5 Nd5 3. d4 d6 4. c4 Nb6 5. exd6 exd6 6. Nc3 Be7 7. h3 0-0 8. Nf3 Bf6 9. Be3 Nc6 10. Rc1 Re8 11. Be2 Bf5 12. 0-0 d5 13. c5 Nc4 14. Bxc4 dxc4 15. d5 Nb4 16. Bd4 Nd3 17. Rc2 Bg6 18. Bxf6 Qxf6 19. Nb5 Re7 20. Qd2 a6 21. Nbd4 Nf4 22. d6 cxd6 23. cxd6 Qxd6 24. Nf5 Qe6 25. Nxe7+ Qxe7 26. Rxc4 Ne2+ 27. Kh1 Rd8 28. Qb4 Qd7 29. Re1 Bd3 30. Ne5 Qf5 31. Nxd3 Qxd3 32. Re4 1-0

[Event "Seefeld op 19th"]
[Site "Seefeld"]
[Date "2008.09.12"]
[Round "8"]
[White "Van der Weide, Karel"]
[Black "Jaenig, Reinhard"]
[Result "1-0"]
[WhiteElo "2415"]
[BlackElo "2136"]
[PlyCount "109"]
[EventDate "2008.09.05"]
[EventType "swiss"]
[EventRounds "9"]
[EventCountry "AUT"]
[SourceTitle "EXT 2019"]
[Source "ChessBase"]
[SourceDate "2018.10.10"]
[SourceVersion "1"]
[SourceVersionDate "2018.10.10"]
[SourceQuality "1"]

1. e4 c5 2. Nf3 e6 3. d4 cxd4 4. Nxd4 a6 5. Nc3 Nc6 6. Nxc6 bxc6 7. Bd3 Nf6 8. 0-0 Be7 9. Re1 0-0 10. Bf4 d5 11. Qf3 g6 12. Bg5 Bb7 13. Rad1 Re8 14. Na4 Nd7 15. Bxe7 Qxe7 16. c4 Qb4 17. b3 Nc5 18. Nxc5 Qxc5 19. h4 Qe7 20. Qg3 d4 21. e5 c5 22. Be4 Bxe4 23. Rxe4 a5 24. Rf4 a4 25. h5 axb3 26. axb3 Ra3 27. Rf6 Rea8 28. Rd3 Ra1+ 29. Kh2 Re1 30. hxg6 fxg6 31. Rxg6+ Kh8 32. Rg5 Qf8 33. Qf3 Qxf3 34. Rxf3 Rg8 35. Rh5 Rg6 36. g3 Kg7 37. Kg2 h6 38. b4 cxb4 39. Rb3 Rg5 40. Rh4 Rgxe5 41. Rxd4 R5e4 42. Rxe4 Rxe4 43. Rxb4 Kf6 44. Kf3 Rd4 45. Ke3 Rg4 46. Kd3 h5 47. Kc3 h4 48. gxh4 Rxh4 49. Rb2 Ke5 50. Rd2 Rh8 51. c5 Ke4 52. Kc4 Kf3 53. c6 e5 54. Kc5 e4 55. c7 1-0

[Event "Seefeld op 19th"]
[Site "Seefeld"]
[Date "2008.09.10"]
[Round "6"]
[White "Kesik, Klaus Dieter"]
[Black "Jaenig, Reinhard"]
[Result "0-1"]
[WhiteElo "2265"]
[BlackElo "2136"]
[PlyCount "76"]
[EventDate "2008.09.05"]
[EventType "swiss"]
[EventRounds "9"]
[EventCountry "AUT"]
[SourceTitle "EXT 2010"]
[Source "ChessBase"]
[SourceDate "2010.11.25"]
[SourceVersion "1"]
[SourceVersionDate "2010.11.25"]
[SourceQuality "1"]

1. d4 c5 2. d5 d6 3. Nc3 g6 4. g3 Bg7 5. Bg2 Nf6 6. e4 0-0 7. Nge2 Na6 8. 0-0 Nc7 9. a4 b6 10. h3 a6 11. Bg5 Rb8 12. Qd2 Re8 13. f4 Nd7 14. Bh4 Bf6 15. Bxf6 exf6 16. Nd1 b5 17. axb5 axb5 18. Ne3 Bb7 19. g4 Ra8 20. Rae1 Ra2 21. b3 Qe7 22. Ng3 b4 23. h4 Ba6 24. Ra1 Bxf1 25. Rxa2 Bxg2 26. Kxg2 Ra8 27. Rxa8+ Nxa8 28. g5 fxg5 29. hxg5 f6 30. gxf6 Qxf6 31. Ng4 Qh4 32. Nh2 Nf6 33. e5 Qxg3+ 34. Kxg3 Ne4+ 35. Kf3 Nxd2+ 36. Ke3 Nb1 37. Kd3 Na3 38. exd6 Nb6 0-1

[Event "Seefeld op 19th"]
[Site "Seefeld"]
[Date "2008.09.08"]
[Round "4"]
[White "Nachtkamp, Herbert"]
[Black "Jaenig, Reinhard"]
[Result "1/2-1/2"]
[WhiteElo "2087"]
[BlackElo "2136"]
[PlyCount "36"]
[EventDate "2008.09.05"]
[EventType "swiss"]
[EventRounds "9"]
[EventCountry "AUT"]
[SourceTitle "EXT 2010"]
[Source "ChessBase"]
[SourceDate "2010.11.25"]
[SourceVersion "1"]
[SourceVersionDate "2010.11.25"]
[SourceQuality "1"]

1. d4 d5 2. Nf3 c6 3. e3 Bf5 4. c4 e6 5. Qb3 Qb6 6. Nc3 Nd7 7. Bd2 Qxb3 8. axb3 Bc2 9. b4 dxc4 10. b5 Bd3 11. bxc6 bxc6 12. Bxd3 cxd3 13. 0-0 c5 14. Nb5 Rb8 15. Nxa7 Bd6 16. Nc6 Rc8 17. Na7 Rb8 18. Nc6 Rc8 1/2-1/2

[Event "Kaupthing op"]
[Site "Differdange"]
[Date "2008.05.10"]
[Round "9"]
[White "Andersen, Alf Roger"]
[Black "Jaenig, Reinhard"]
[Result "1-0"]
[WhiteElo "2203"]
[BlackElo "2162"]
[PlyCount "75"]
[EventDate "2008.05.10"]
[EventType "swiss"]
[EventRounds "9"]
[EventCountry "LUX"]
[SourceTitle "CBM 124 Extra"]
[Source "ChessBase"]
[SourceDate "2008.07.03"]
[SourceVersion "1"]
[SourceVersionDate "2008.07.03"]
[SourceQuality "1"]

1. e4 c5 2. Nf3 e6 3. d4 cxd4 4. Nxd4 a6 5. Nc3 Qc7 6. Be2 Nf6 7. 0-0 d6 8. f4 Nbd7 9. f5 e5 10. Nb3 b5 11. a3 Bb7 12. Bf3 Rc8 13. Be3 Nb6 14. Na5 Ba8 15. Qd3 Be7 16. Kh1 0-0 17. Rac1 Na4 18. Nxa4 bxa4 19. Bd2 Rfd8 20. c4 h6 21. h3 Nh7 22. Bb4 Ng5 23. Rcd1 g6 24. fxg6 f5 25. exf5 e4 26. Bxe4 Nxe4 27. Rde1 d5 28. Bxe7 Qxe7 29. f6 Nf2+ 30. Kg1 Nxd3 31. Rxe7 Nc5 32. Rg7+ Kh8 33. Rh7+ Kg8 34. f7+ Kf8 35. g7+ Ke7 36. f8Q+ Rxf8 37. gxf8Q+ Ke6 38. Qf6# 1-0

[Event "Kaupthing op"]
[Site "Differdange"]
[Date "2008.05.10"]
[Round "6"]
[White "Jaenig, Reinhard"]
[Black "Boyarchenko, Marie"]
[Result "0-1"]
[WhiteElo "2162"]
[BlackElo "1877"]
[PlyCount "138"]
[EventDate "2008.05.10"]
[EventType "swiss"]
[EventRounds "9"]
[EventCountry "LUX"]
[SourceTitle "CBM 124 Extra"]
[Source "ChessBase"]
[SourceDate "2008.07.03"]
[SourceVersion "1"]
[SourceVersionDate "2008.07.03"]
[SourceQuality "1"]

1. e4 c5 2. Nf3 e6 3. d4 cxd4 4. Nxd4 a6 5. Bd3 Qc7 6. 0-0 Nf6 7. c4 Be7 8. Qe2 d6 9. Kh1 b6 10. f4 Nbd7 11. Nc3 Bb7 12. Bd2 Rc8 13. Rae1 0-0 14. e5 dxe5 15. fxe5 Ne8 16. b3 Rd8 17. Nf3 Nc5 18. Bb1 Bc6 19. Ng5 g6 20. Bf4 Ng7 21. Qe3 Nh5 22. Qh3 h6 23. Nge4 Nxf4 24. Rxf4 Nxe4 25. Bxe4 Qxe5 26. Ref1 Bg5 27. Rg4 Bxe4 28. Nxe4 f5 29. Rxg5 hxg5 30. Nxg5 Rd7 31. Qh6 Rg7 32. h3 Rd8 33. Nf3 Qf6 34. Re1 f4 35. Qg5 Qxg5 36. Nxg5 Re7 37. Rxe6 Rxe6 38. Nxe6 Rd1+ 39. Kh2 Rf1 40. Nc7 Rf2 41. Nd5 f3 42. Kg3 Rxg2+ 43. Kxf3 Rxa2 44. Ke4 Ra3 45. b4 Ra4 46. Kd4 a5 47. b5 Kf7 48. Nxb6 Rb4 49. Nd5 Rb3 50. Nc3 Ke6 51. Ne4 Rb1 52. Kc5 Rb3 53. Kb6 Rb4 54. Kxa5 Rxc4 55. Nd2 Rc2 56. Nb3 Kd5 57. Ka6 Rc3 58. Na5 Rxh3 59. b6 g5 60. b7 Rh8 61. Kb6 g4 62. Nc6 g3 63. Ne7+ Ke4 64. Nc8 Rh1 65. Kc6 Rc1+ 66. Kd7 Rb1 67. Nd6+ Kf4 68. Kc6 Rxb7 69. Nxb7 g2 0-1

[Event "Kaupthing op"]
[Site "Differdange"]
[Date "2008.05.10"]
[Round "5"]
[White "Jaenig, Reinhard"]
[Black "Christen, Pierre"]
[Result "1/2-1/2"]
[WhiteElo "2162"]
[BlackElo "2053"]
[PlyCount "132"]
[EventDate "2008.05.10"]
[EventType "swiss"]
[EventRounds "9"]
[EventCountry "LUX"]
[SourceTitle "CBM 124 Extra"]
[Source "ChessBase"]
[SourceDate "2008.07.03"]
[SourceVersion "1"]
[SourceVersionDate "2008.07.03"]
[SourceQuality "1"]

1. e4 c6 2. d4 d5 3. exd5 cxd5 4. Bd3 Nc6 5. c3 Nf6 6. h3 e5 7. dxe5 Nxe5 8. Bb5+ Bd7 9. Bxd7+ Qxd7 10. Nf3 Nxf3+ 11. Qxf3 Qe6+ 12. Kd1 0-0-0 13. Bg5 Be7 14. Nd2 Ne4 15. Bxe7 Qxe7 16. Re1 Rhe8 17. Kc2 Qg5 18. Re2 Qg6 19. Qg4+ Qxg4 20. hxg4 Nf6 21. Rxe8 Rxe8 22. f3 h6 23. Kd3 Kc7 24. Nb3 Nd7 25. Nd4 Ne5+ 26. Kc2 Nc4 27. Rg1 Nd6 28. b3 a6 29. Rd1 Re5 30. Rd2 g6 31. Ne2 Kc6 32. Nf4 Nb5 33. Nd3 Rg5 34. Nb4+ Kc5 35. Nd3+ Kc6 36. Re2 Kd6 37. Nf2 Re5 38. Rd2 h5 39. c4 Nc7 40. Nd3 Rg5 41. c5+ Ke7 42. gxh5 Rxh5 43. b4 Ne6 44. Kc3 Kf6 45. Rb2 Rh4 46. Kb3 Rd4 47. Nf2 Nf4 48. Ng4+ Ke6 49. g3 f5 50. Nf2 Nh5 51. Re2+ Kd7 52. g4 Nf4 53. Re5 Rd2 54. Nh1 fxg4 55. fxg4 Rg2 56. g5 Rh2 57. Ng3 Rh3 58. Re3 d4 59. Rf3 Nh5 60. Rf7+ Kc6 61. Kc4 Rxg3 62. a4 Rc3+ 63. Kxd4 Ra3 64. b5+ axb5 65. axb5+ Kxb5 66. Rxb7+ Kc6 1/2-1/2

[Event "Bad Woerishofen op 24th"]
[Site "Bad Woerishofen"]
[Date "2008.03.03"]
[Round "5"]
[White "Shahin, Walid"]
[Black "Jaenig, Reinhard"]
[Result "1-0"]
[WhiteElo "2051"]
[BlackElo "2043"]
[PlyCount "81"]
[EventDate "2008.02.28"]
[EventType "swiss"]
[EventRounds "9"]
[EventCountry "GER"]
[SourceTitle "EXT 2022"]
[Source "ChessBase"]
[SourceDate "2021.10.06"]
[SourceVersion "1"]
[SourceVersionDate "2021.10.06"]
[SourceQuality "1"]

1. d4 d5 2. c4 c6 3. e3 e6 4. Nf3 Nd7 5. Nc3 Ngf6 6. Qc2 Bd6 7. b3 0-0 8. Bb2 dxc4 9. Bxc4 e5 10. 0-0 exd4 11. exd4 b5 12. Bd3 Bb7 13. Rfe1 a6 14. Ne5 c5 15. Ne4 Nxe4 16. Bxe4 Bxe4 17. Qxe4 cxd4 18. Nxd7 Qxd7 19. Qxd4 f6 20. Red1 Rfd8 21. Qd5+ Qf7 22. Qf5 Be7 23. g3 Rxd1+ 24. Rxd1 Rd8 25. Rxd8+ Bxd8 26. Qc8 Qd5 27. Bc3 Kf7 28. Qxa6 Qd1+ 29. Kg2 Qd5+ 30. Kg1 Qd1+ 31. Kg2 Qd5+ 32. f3 g5 33. Qa7+ Kg6 34. Qd4 Qxd4 35. Bxd4 h5 36. Bc3 g4 37. a4 bxa4 38. bxa4 Kf5 39. a5 Ke6 40. a6 Bb6 41. Be1 1-0

[Event "Bad Woerishofen op 24th"]
[Site "Bad Woerishofen"]
[Date "2008.02.29"]
[Round "2"]
[White "Jaenig, Reinhard"]
[Black "Wohl, Aleksandar H"]
[Result "0-1"]
[WhiteElo "2164"]
[BlackElo "2418"]
[PlyCount "88"]
[EventDate "2008.02.28"]
[EventType "swiss"]
[EventRounds "9"]
[EventCountry "GER"]
[SourceTitle "CBM 123 Extra"]
[Source "ChessBase"]
[SourceDate "2008.05.06"]
[SourceVersion "1"]
[SourceVersionDate "2008.05.06"]
[SourceQuality "1"]

1. e4 Nf6 2. e5 Nd5 3. d4 d6 4. c4 Nb6 5. exd6 exd6 6. h3 Be7 7. Nc3 0-0 8. Nf3 Bf5 9. Be3 Nc6 10. Rc1 Bf6 11. d5 Ne5 12. Nd4 Bg6 13. b3 Re8 14. Be2 Nd3+ 15. Bxd3 Bxd4 16. Bxg6 Bxe3 17. Bxh7+ Kxh7 18. Qd3+ Kg8 19. fxe3 Qh4+ 20. Kd2 Nd7 21. Rhf1 Re5 22. Rf4 Qg5 23. Rcf1 Rae8 24. Rf5 Rxf5 25. Qxf5 Qxe3+ 26. Kc2 Ne5 27. Qf2 Qd3+ 28. Kb2 a6 29. Qf5 Qd2+ 30. Qc2 Nd3+ 31. Kb1 Re1+ 32. Rxe1 Qxe1+ 33. Nd1 Nb4 34. Qc1 Qe4+ 35. Ka1 Qxg2 36. Nb2 Qxh3 37. a3 Nd3 38. Nxd3 Qxd3 39. Qg5 Qf1+ 40. Kb2 Qf6+ 41. Qxf6 gxf6 42. b4 f5 43. c5 b6 44. a4 dxc5 0-1

[Event "EU-chT Seniors 10th"]
[Site "Dresden"]
[Date "2008.02.17"]
[Round "7.3"]
[White "Jaenig, Reinhard"]
[Black "Bec, Dietmar"]
[Result "1/2-1/2"]
[WhiteElo "2164"]
[BlackElo "1905"]
[PlyCount "146"]
[EventDate "2008.02.11"]
[EventType "team-swiss"]
[EventRounds "9"]
[EventCountry "GER"]
[SourceTitle "CBM 122 Extra"]
[Source "ChessBase"]
[SourceDate "2008.03.04"]
[SourceVersion "1"]
[SourceVersionDate "2008.03.04"]
[SourceQuality "1"]
[WhiteTeam "Sachsen"]
[BlackTeam "Sachsen II"]
[WhiteTeamCountry "GER"]
[BlackTeamCountry "GER"]

1. e4 e6 2. d4 d5 3. Nd2 a6 4. Ngf3 Nf6 5. e5 Nfd7 6. Bd3 c5 7. c3 Nc6 8. 0-0 Qc7 9. Re1 Be7 10. a3 c4 11. Bc2 b5 12. Nf1 h6 13. Ng3 Bb7 14. Nh5 Bf8 15. Bd2 g6 16. Nf4 Ne7 17. h3 Nb6 18. Nh2 h5 19. Nf3 Bh6 20. Ne2 Bxd2 21. Qxd2 0-0-0 22. Qf4 Rdf8 23. Ng5 Nc6 24. Ng3 Nd8 25. Qd2 Bc6 26. Re3 Qe7 27. h4 Kb7 28. Rf3 Qe8 29. Re1 Kc7 30. Rf4 Kb7 31. Re3 Kc7 32. Ref3 Kb7 33. Ne2 Qe7 34. Nc1 Qe8 35. Na2 Qe7 36. Qd1 Be8 37. Rf6 Nd7 38. R6f4 Nb6 39. Nb4 Bd7 40. Re3 Be8 41. Qf3 a5 42. Na2 Rfg8 43. Qg3 Kc7 44. Re1 Rg7 45. Ra1 Nc6 46. Nc1 a4 47. Na2 Kd8 48. Re1 Kd7 49. Bd1 Kd8 50. Nh3 Kc7 51. Qg5 Qxg5 52. hxg5 Kd7 53. Rh4 Rgh7 54. Kh2 Ke7 55. Rh1 Kf8 56. Nf4 Kg7 57. Kg1 Bd7 58. Bc2 Be8 59. Nc1 Bd7 60. Nce2 Ne7 61. Ng3 Nf5 62. Bxf5 exf5 63. Nf1 Be6 64. Ne3 Rd8 65. f3 Rhh8 66. Kf2 Rde8 67. g4 fxg4 68. fxg4 hxg4 69. Rxh8 Rxh8 70. Rxh8 Kxh8 71. Kg3 Kg7 72. Nxg4 Na8 73. Nf6 Nc7 1/2-1/2

[Event "EU-chT Seniors 10th"]
[Site "Dresden"]
[Date "2008.02.16"]
[Round "6.2"]
[White "Jaenig, Reinhard"]
[Black "Braun, Gottfried"]
[Result "0-1"]
[WhiteElo "2164"]
[BlackElo "2329"]
[PlyCount "94"]
[EventDate "2008.02.11"]
[EventType "team-swiss"]
[EventRounds "9"]
[EventCountry "GER"]
[SourceTitle "CBM 122 Extra"]
[Source "ChessBase"]
[SourceDate "2008.03.04"]
[SourceVersion "1"]
[SourceVersionDate "2008.03.04"]
[SourceQuality "1"]
[WhiteTeam "Sachsen"]
[BlackTeam "Leipzig"]
[WhiteTeamCountry "GER"]
[BlackTeamCountry "GER"]

1. e4 d6 2. d4 Nf6 3. Nc3 e5 4. Nf3 Nbd7 5. Bc4 Be7 6. 0-0 0-0 7. Re1 exd4 8. Nxd4 Ne5 9. Bf1 Re8 10. h3 Bf8 11. Bg5 h6 12. Bh4 Ng6 13. Bg3 c6 14. Qd2 Qb6 15. a4 a5 16. b3 Bd7 17. Kh1 Rad8 18. Rad1 Bc8 19. Bc4 Ne5 20. Bf1 Ned7 21. Nf5 Nc5 22. f3 Bxf5 23. exf5 d5 24. Bf2 Qc7 25. g4 Bd6 26. Ne2 Ncd7 27. Bg2 Bb4 28. c3 Bc5 29. Bg3 Qb6 30. Nd4 Bf8 31. h4 Nc5 32. g5 hxg5 33. hxg5 Nfd7 34. g6 Nxb3 35. Qg5 Rxe1+ 36. Rxe1 Nxd4 37. cxd4 Nf6 38. Be5 Re8 39. Kh2 Bd6 40. Kh3 Qc7 41. Bxf6 Rxe1 42. Qh4 fxg6 43. Qxe1 gxf6 44. Qe6+ Kg7 45. fxg6 Kxg6 46. Bf1 Qh7+ 47. Kg4 Qh5# 0-1

[Event "EU-chT Seniors 10th"]
[Site "Dresden"]
[Date "2008.02.13"]
[Round "3.3"]
[White "Schirmer, Werner"]
[Black "Jaenig, Reinhard"]
[Result "1/2-1/2"]
[WhiteElo "2012"]
[BlackElo "2164"]
[PlyCount "64"]
[EventDate "2008.02.11"]
[EventType "team-swiss"]
[EventRounds "9"]
[EventCountry "GER"]
[SourceTitle "CBM 122 Extra"]
[Source "ChessBase"]
[SourceDate "2008.03.04"]
[SourceVersion "1"]
[SourceVersionDate "2008.03.04"]
[SourceQuality "1"]
[WhiteTeam "Hamburger SK"]
[BlackTeam "Sachsen"]
[WhiteTeamCountry "GER"]
[BlackTeamCountry "GER"]

1. e4 c5 2. Nf3 e6 3. d4 cxd4 4. Nxd4 a6 5. Nc3 Qc7 6. Bd3 Nf6 7. 0-0 b5 8. Qe2 d6 9. Bg5 Nbd7 10. Nd5 exd5 11. exd5+ Ne5 12. f4 Bg4 13. Nf3 Bxf3 14. Rxf3 Be7 15. fxe5 dxe5 16. Bxf6 Bxf6 17. Kh1 Rd8 18. a4 Rxd5 19. axb5 axb5 20. Ra8+ Rd8 21. Rxd8+ Qxd8 22. Bxb5+ Ke7 23. Rd3 Qa5 24. Ra3 Qb6 25. Ra6 Qc5 26. Rc6 Qa7 27. Qe1 Qd4 28. Rc7+ Ke6 29. Rc4 Qxb2 30. Rc6+ Ke7 31. Rc7+ Ke6 32. Rc6+ Ke7 1/2-1/2

[Event "EU-chT Seniors 10th"]
[Site "Dresden"]
[Date "2008.02.12"]
[Round "2.3"]
[White "Jaenig, Reinhard"]
[Black "Szenetra, Werner"]
[Result "0-1"]
[WhiteElo "2164"]
[BlackElo "2291"]
[PlyCount "56"]
[EventDate "2008.02.11"]
[EventType "team-swiss"]
[EventRounds "9"]
[EventCountry "GER"]
[SourceTitle "CBM 122 Extra"]
[Source "ChessBase"]
[SourceDate "2008.03.04"]
[SourceVersion "1"]
[SourceVersionDate "2008.03.04"]
[SourceQuality "1"]
[WhiteTeam "Sachsen"]
[BlackTeam "Baden"]
[WhiteTeamCountry "GER"]
[BlackTeamCountry "GER"]

1. e4 g6 2. d4 Bg7 3. Nc3 d6 4. Bg5 a6 5. Nf3 b5 6. a3 Bb7 7. Be2 Nd7 8. 0-0 c5 9. Re1 h6 10. Bh4 cxd4 11. Nxd4 Qb6 12. Nb3 Ngf6 13. a4 b4 14. a5 Qc7 15. Na2 g5 16. Bg3 Nxe4 17. Bf3 Nxg3 18. hxg3 Bxf3 19. Qxf3 Rb8 20. Qe4 Nf6 21. Qe2 0-0 22. Qxa6 Qxc2 23. Nd4 Qc5 24. Nc6 Ng4 25. Nxe7+ Kh8 26. Re2 Ra8 27. Qb7 Rxa5 28. Rc1 Rxa2 0-1

[Event "Seefeld op 18th"]
[Site "Seefeld"]
[Date "2007.09.08"]
[Round "8"]
[White "Pregl, Walter"]
[Black "Jaenig, Reinhard"]
[Result "1-0"]
[WhiteElo "2046"]
[BlackElo "2176"]
[PlyCount "59"]
[EventDate "2007.09.01"]
[EventType "swiss"]
[EventRounds "9"]
[EventCountry "AUT"]
[SourceTitle "EXT 2009"]
[Source "ChessBase"]
[SourceDate "2008.11.26"]
[SourceVersion "1"]
[SourceVersionDate "2008.11.26"]
[SourceQuality "1"]

1. e4 c5 2. Nf3 e6 3. d3 d5 4. Nbd2 Nc6 5. g3 Nf6 6. Bg2 b6 7. 0-0 Bb7 8. Re1 g6 9. e5 Nd7 10. c3 Bg7 11. d4 cxd4 12. cxd4 0-0 13. Nf1 h6 14. h4 Rc8 15. Bf4 Kh7 16. Qd2 Qe7 17. Ne3 Qb4 18. Qd3 Ne7 19. Qb1 Ba6 20. Bh3 Rh8 21. h5 Kg8 22. hxg6 Nxg6 23. Nxd5 Qa4 24. Nc3 Qc6 25. d5 exd5 26. e6 Nxf4 27. gxf4 Nf8 28. exf7+ Kxf7 29. Qf5+ Bf6 30. Ne5+ 1-0

[Event "Seefeld op 18th"]
[Site "Seefeld"]
[Date "2007.09.06"]
[Round "6"]
[White "Stabolewski, Andreas"]
[Black "Jaenig, Reinhard"]
[Result "1/2-1/2"]
[WhiteElo "2263"]
[BlackElo "2176"]
[PlyCount "86"]
[EventDate "2007.09.01"]
[EventType "swiss"]
[EventRounds "9"]
[EventCountry "AUT"]
[SourceTitle "EXT 2009"]
[Source "ChessBase"]
[SourceDate "2008.11.26"]
[SourceVersion "1"]
[SourceVersionDate "2008.11.26"]
[SourceQuality "1"]

1. Nf3 c5 2. c4 Nc6 3. Nc3 e5 4. e3 f5 5. d4 cxd4 6. exd4 e4 7. d5 exf3 8. dxc6 fxg2 9. cxd7+ Qxd7 10. Qxd7+ Bxd7 11. Bxg2 0-0-0 12. 0-0 Nf6 13. Bf4 Bc6 14. Nb5 Bxb5 15. cxb5 Bd6 16. Be3 Kb8 17. a4 f4 18. Bd4 f3 19. Bxf3 Bxh2+ 20. Kxh2 Rxd4 21. Rfe1 Rhd8 22. Re7 R8d7 23. Rae1 Rxe7 24. Rxe7 Rd7 25. Rxd7 Nxd7 26. Kg3 Nc5 27. Bd1 Kc7 28. Bc2 h6 29. Kg4 Ne6 30. f4 Kd6 31. Bd1 b6 32. Kf5 Nf8 33. Bh5 Ke7 34. Ke5 Nd7+ 35. Kf5 Nc5 36. Bd1 Nd3 37. b3 Kf7 38. Bh5+ Ke7 39. Be2 Nc5 40. Bc4 Nd7 41. Kg6 Kf8 42. Bd5 Nf6 43. Bc4 Nd7 1/2-1/2

[Event "Seefeld op 18th"]
[Site "Seefeld"]
[Date "2007.09.03"]
[Round "3"]
[White "Jaenig, Reinhard"]
[Black "Bayer, Bernhard"]
[Result "0-1"]
[WhiteElo "2176"]
[BlackElo "2356"]
[PlyCount "140"]
[EventDate "2007.09.01"]
[EventType "swiss"]
[EventRounds "9"]
[EventCountry "AUT"]
[SourceTitle "EXT 2009"]
[Source "ChessBase"]
[SourceDate "2008.11.26"]
[SourceVersion "1"]
[SourceVersionDate "2008.11.26"]
[SourceQuality "1"]

1. e4 e5 2. Nf3 Nc6 3. Bb5 a6 4. Ba4 Nf6 5. 0-0 Be7 6. Re1 b5 7. Bb3 d6 8. c3 0-0 9. h3 Nb8 10. d3 Nbd7 11. Nbd2 c5 12. Nf1 h6 13. Ng3 Nb6 14. Be3 Re8 15. d4 Qc7 16. Nh2 Bb7 17. d5 Bf8 18. Qf3 Nh7 19. Nf5 Bc8 20. h4 Qd8 21. g3 a5 22. Ng4 a4 23. Bc2 Kh8 24. Rad1 Nd7 25. Kg2 Ndf6 26. Nh2 Ng8 27. Bc1 g6 28. Ne3 Bg7 29. Rh1 Rf8 30. h5 Ngf6 31. hxg6 fxg6 32. Qe2 Qd7 33. Nf3 Qe8 34. Rh4 Ng8 35. Rdh1 Ra7 36. Bd1 Raf7 37. Qc2 Rf6 38. Rf1 Qf7 39. Ng1 h5 40. f4 exf4 41. Rhxf4 Qe8 42. b3 axb3 43. axb3 Ng5 44. Rxf6 Nxf6 45. e5 dxe5 46. c4 Bd7 47. cxb5 Bxb5 48. Be2 Bxe2 49. Nxe2 Nfe4 50. Rxf8+ Qxf8 51. Ng1 Kh7 52. Qe2 Qa8 53. Nf3 Nxf3 54. Kxf3 Ng5+ 55. Kf2 Qa1 56. Qc4 e4 57. Qxc5 Qf6+ 58. Ke1 Nf3+ 59. Kd1 Nd4 60. Qc4 Qf3+ 61. Kd2 Qxg3 62. b4 h4 63. b5 h3 64. Nf1 Qf2+ 65. Kd1 h2 66. Nxh2 Qxh2 67. b6 Qg1+ 68. Kd2 e3+ 69. Kd3 Qf1+ 70. Kc3 Qxc1+ 0-1

[Event "Kaupthing op-A 1st"]
[Site "Differdange"]
[Date "2007.07.10"]
[Round "5"]
[White "Zozulia, Anna"]
[Black "Jaenig, Reinhard"]
[Result "1/2-1/2"]
[WhiteElo "2328"]
[BlackElo "2169"]
[PlyCount "117"]
[EventDate "2007.07.07"]
[EventType "swiss"]
[EventRounds "9"]
[EventCountry "LUX"]
[SourceTitle "CBM 119 Extra"]
[Source "ChessBase"]
[SourceDate "2007.09.04"]
[SourceVersion "1"]
[SourceVersionDate "2007.09.04"]
[SourceQuality "1"]

1. e4 c5 2. Nf3 e6 3. d4 cxd4 4. Nxd4 a6 5. Bd3 Nf6 6. 0-0 Qc7 7. Nc3 Be7 8. Kh1 d6 9. f4 Nbd7 10. Qf3 b6 11. Bd2 Bb7 12. Qh3 0-0-0 13. b4 Kb8 14. Qe3 g6 15. Qe2 e5 16. Nf3 exf4 17. Bxa6 Rc8 18. a4 Rhe8 19. Bxb7 Kxb7 20. a5 Qc4 21. a6+ Ka8 22. Qd3 Qxd3 23. cxd3 Ne5 24. d4 Nxf3 25. gxf3 Rc4 26. Nb5 g5 27. Rac1 Rec8 28. Rxc4 Rxc4 29. Rc1 Rxc1+ 30. Bxc1 d5 31. Nc7+ Kb8 32. a7+ Kxa7 33. e5 Bd8 34. Nb5+ Ka6 35. Nd6 Be7 36. b5+ Ka5 37. Nb7+ Kxb5 38. exf6 Bxf6 39. Nd6+ Kb4 40. Kg2 Bxd4 41. Kf1 f6 42. Ke2 Be5 43. Nf5 h5 44. Ng7 h4 45. Kd3 b5 46. Nf5 Kb3 47. h3 b4 48. Ne7 d4 49. Nd5 f5 50. Bd2 g4 51. fxg4 fxg4 52. Nxf4 Bxf4 53. Bxf4 gxh3 54. Bd6 Ka4 55. Kxd4 Kb3 56. Ke3 Kc3 57. Kf2 b3 58. Be5+ Kc2 59. Kg1 1/2-1/2

[Event "Kaupthing op-A 1st"]
[Site "Differdange"]
[Date "2007.07.08"]
[Round "2"]
[White "Jaenig, Reinhard"]
[Black "Rohit, Gogineni"]
[Result "0-1"]
[WhiteElo "2169"]
[BlackElo "2470"]
[PlyCount "60"]
[EventDate "2007.07.07"]
[EventType "swiss"]
[EventRounds "9"]
[EventCountry "LUX"]
[SourceTitle "CBM 119 Extra"]
[Source "ChessBase"]
[SourceDate "2007.09.04"]
[SourceVersion "1"]
[SourceVersionDate "2007.09.04"]
[SourceQuality "1"]

1. e4 c5 2. Nf3 e6 3. d4 cxd4 4. Nxd4 a6 5. Be2 Nf6 6. Nc3 Qc7 7. 0-0 Be7 8. a4 0-0 9. a5 Bb4 10. Nb3 Bxc3 11. bxc3 Nxe4 12. Bd3 Nxc3 13. Qh5 f5 14. Bb2 d5 15. Rfe1 e5 16. Ba3 Rf7 17. Re3 Nd7 18. Rae1 e4 19. Bb4 Nf6 20. Qg5 f4 21. Bxc3 fxe3 22. Bxf6 exf2+ 23. Kxf2 Rxf6+ 24. Kg1 Rf5 25. Qh4 exd3 26. Re7 d2 27. Nxd2 Qc5+ 28. Kh1 Rf7 29. Re8+ Rf8 30. Re7 Qf2 0-1

[Event "EU-ch Seniors 07th"]
[Site "Hockenheim"]
[Date "2007.06.10"]
[Round "9"]
[White "Fatalibekova, Elena"]
[Black "Jaenig, Reinhard"]
[Result "1-0"]
[WhiteElo "2273"]
[BlackElo "2176"]
[PlyCount "53"]
[EventDate "2007.06.02"]
[EventType "swiss"]
[EventRounds "9"]
[EventCountry "GER"]
[SourceTitle "CBM 118 Extra"]
[Source "ChessBase"]
[SourceDate "2007.07.04"]
[SourceVersion "1"]
[SourceVersionDate "2007.07.04"]
[SourceQuality "1"]

1. e4 c5 2. Nf3 e6 3. c3 d5 4. e5 Nc6 5. d4 cxd4 6. cxd4 Bd7 7. Nc3 Qb6 8. Be2 f6 9. 0-0 fxe5 10. dxe5 Nge7 11. Be3 Qa5 12. Bd3 0-0-0 13. Rc1 Kb8 14. a3 Be8 15. b4 Qxa3 16. Nb5 Qxb4 17. Bc5 Qg4 18. Bd6+ Rxd6 19. Nxd6 Bh5 20. Bb5 Qb4 21. Rb1 Qc3 22. Bxc6 Nxc6 23. Rxb7+ Ka8 24. Rc7 Bxd6 25. exd6 Rd8 26. Qa4 Rxd6 27. Qa6 1-0